Państwa Imperium Niemieckiego - Statystyki

Ogólne statystyki
  • Ten quiz został rozwiązany 118 razy
  • Średni wynik to 12 z 21
Statystyki odpowiedzi
Stolica Państwo % Poprawnych
Warszawa Polska
100%
Berlin Niemcy
98%
Wilno Litwa
97%
Kopenhaga Dania
96%
Moskwa Rosja
96%
Dodoma Tanzania
59%
Windhuk Namibia
54%
Port Moresby Papua Nowa Gwinea
52%
Jaunde Kamerun
50%
Brazzaville Kongo
50%
Lome Togo
46%
Libreville Gabon
44%
Ndżamena Czad
42%
Honiara Wyspy Salomona
40%
Yaren Nauru
39%
Palikir Mikronezja
38%
Kigali Rwanda
38%
Majuro Wyspy Marshalla
38%
Ngerulmud Palau
37%
Gitega Burundi
36%
Tarawa Kiribati
31%
Nie znaleziono quizów pasujących do podanych kryteriów
Rozkład punktacji
Procent ludzi z każdym wynikiem
Percentyl według liczby udzielonych odpowiedzi
Twoja historia wyników
Nie rozwiązałeś tego quizu